[Event "29th Czech Open B 2018"]
[Site "Pardubice CZE"]
[Date "2018.07.27"]
[Round "8.29"]
[White "Folkova, Martina"]
[Black "Hlozek, David"]
[Result "1-0"]
[WhiteTitle "WFM"]
[WhiteElo "1999"]
[BlackElo "1852"]
[WhiteFideId "304271"]
[BlackFideId "384828"]
[EventDate "2018.07.20"]

1. e4 c5 2. Nf3 d6 3. d4 cxd4 4. Nxd4 Nf6 5. Nc3 a6 6. Be2 e6 7. a4 Nbd7 8. f4
b6 9. Bf3 Bb7 10. O-O Be7 11. e5 Bxf3 12. Qxf3 dxe5 13. Nc6 Bc5+ 14. Kh1 e4 15.
Nxe4 Qc7 16. b4 Nxe4 17. Qxe4 Nf6 18. Qf3 Bd6 19. c4 O-O 20. Bb2 Nd7 21. b5 e5
22. Rad1 Bc5 23. fxe5 axb5 24. axb5 Ra2 25. Qc3 f6 26. Qb3 Raa8 27. exf6 Nxf6
28. Bxf6 Rxf6 29. Rxf6 gxf6 30. Qf3 Rf8 31. Qd5+ Qf7 32. g3 Kh8 33. Qxf7 Rxf7
34. Nb8 Rc7 35. Rd8+ Kg7 36. Rd7+ Rxd7 37. Nxd7 Bd4 38. Kg2 Kf7 39. Kf3 Ke7 40.
Nb8 Kd6 41. Na6 Bg1 42. h4 Bc5 43. g4 h6 44. Ke4 Bf2 45. h5 Bh4 46. Nb8 Kc5 47.
Kd3 Kd6 48. Nc6 Kc5 49. Nd4 Bg3 50. Ne2 Bh4 51. Nc3 Kd6 52. Ne4+ Ke5 53. c5 f5
54. gxf5 Kxf5 55. Nd6+ Ke6 56. Ne8 Bg5 57. Ke4 Ke7 58. Nc7 Kd7 59. Nd5 1-0

[Event "29th Czech Open B 2018"]
[Site "Pardubice CZE"]
[Date "2018.07.27"]
[Round "8.30"]
[White "Anatskiy, Alexey"]
[Black "Nekvinda, Michal"]
[Result "1/2-1/2"]
[WhiteElo "1993"]
[BlackElo "1845"]
[WhiteFideId "14119323"]
[BlackFideId "365386"]
[EventDate "2018.07.20"]

1. d4 Nf6 2. Bg5 Ne4 3. Bf4 c5 4. f3 Qa5+ 5. c3 Nf6 6. Nd2 cxd4 7. Nb3 Qd8 8.
cxd4 d5 9. e3 e6 10. Bd3 Bb4+ 11. Nd2 Nc6 12. a3 Bd6 13. Bg5 O-O 14. Ne2 h6 15.
Bxf6 Qxf6 16. f4 Ne7 17. O-O Nf5 18. Rf3 Nh4 19. Rf2 Nf5 20. Nf1 Qd8 21. g4 Nh4
22. Neg3 g5 23. f5 e5 24. Qb3 e4 25. Be2 Be7 26. Rc1 b6 27. Nd2 Bb7 28. Nb1 Rc8
29. Rxc8 Qxc8 30. Nc3 Rd8 31. Qa4 Qb8 32. Nh5 Rc8 33. Qb3 Qd6 34. Rf1 a6 35. Ng3
b5 36. Na2 Qd7 37. Rc1 Rxc1+ 38. Nxc1 Qc7 39. Na2 Qa5 40. Nb4 Qd8 41. Qc2 Qd6
42. Na2 Bd8 43. Nc1 b4 44. a4 a5 45. Nb3 Ba6 46. Nd2 Bxe2 47. Nxe2 Bc7 48. Ng3
Kg7 49. Nh5+ Kf8 1/2-1/2

[Event "29th Czech Open B 2018"]
[Site "Pardubice CZE"]
[Date "2018.07.27"]
[Round "8.31"]
[White "Boehning, Kilian"]
[Black "Vakulenko, Oleksandr"]
[Result "0-1"]
[WhiteElo "2122"]
[BlackElo "1941"]
[WhiteFideId "1270499"]
[BlackFideId "14156130"]
[EventDate "2018.07.20"]

1. d4 d5 2. Nf3 Nf6 3. Bf4 g6 4. e3 Bg7 5. Nbd2 O-O 6. c3 b6 7. h3 Bb7 8. Bd3 c5
9. O-O Nc6 10. Bh2 Nd7 11. Re1 e5 12. dxe5 Ndxe5 13. Bf1 Re8 14. Nxe5 Nxe5 15.
Nf3 Nxf3+ 16. Qxf3 Re7 17. Qg4 Qe8 18. Red1 h5 19. Qh4 a5 20. Bd3 a4 21. Rac1
Re6 22. g4 Qc6 23. gxh5 c4 0-1

[Event "29th Czech Open B 2018"]
[Site "Pardubice CZE"]
[Date "2018.07.28"]
[Round "9.1"]
[White "Gabr, Mohsen"]
[Black "Mirzoeva, Elmira"]
[Result "0-1"]
[WhiteTitle "FM"]
[BlackTitle "WGM"]
[WhiteElo "2287"]
[BlackElo "2249"]
[WhiteFideId "10619593"]
[BlackFideId "4127951"]
[EventDate "2018.07.20"]

1. d4 d6 2. e4 Nf6 3. Nc3 Nbd7 4. Nf3 e5 5. Bc4 Be7 6. O-O O-O 7. h3 c6 8. dxe5
dxe5 9. a3 Qc7 10. Bg5 Nc5 11. Bxf6 Bxf6 12. Qe2 Ne6 13. Bxe6 Bxe6 14. Nd1 Rad8
15. Ne3 g6 16. b3 Bg7 17. a4 Qa5 18. Rad1 Qb4 19. Ng4 f6 20. Qe3 h5 21. Ngh2 Qb6
22. Qe2 Bf7 23. g4 hxg4 24. Nxg4 a5 25. Kg2 Rxd1 26. Rxd1 Rd8 27. Qe3 Qc7 28.
Rxd8+ Qxd8 29. Qa7 Qc7 30. Nd2 f5 31. Ne3 Qd6 32. Ndc4 0-1

[Event "29th Czech Open B 2018"]
[Site "Pardubice CZE"]
[Date "2018.07.28"]
[Round "9.2"]
[White "Aliferenko, Aleksei"]
[Black "Slonimskij, Arkadij"]
[Result "1-0"]
[WhiteElo "2211"]
[BlackElo "2114"]
[WhiteFideId "14111977"]
[BlackFideId "4113420"]
[EventDate "2018.07.20"]

1. d4 Nf6 2. Nf3 e6 3. e3 d5 4. Bd3 c5 5. b3 Nc6 6. O-O cxd4 7. exd4 Bd6 8. Bb2
Ne4 9. c4 O-O 10. Nc3 Nxc3 11. Bxc3 Bb4 12. Bb2 Be7 13. Rc1 b6 14. cxd5 Qxd5 15.
Qc2 Nb4 16. Bxh7+ Kh8 17. Be4 Nxc2 18. Bxd5 exd5 19. Rxc2 Bd6 20. Ne5 Kg8 21. h3
Ba6 22. Rfc1 Rfc8 23. Rc6 Rd8 24. Ng4 Bb7 25. R6c2 Rac8 26. Ne3 Rxc2 27. Rxc2 g6
28. Ng4 Kg7 29. Bc1 f6 30. Ne3 Kf7 31. g4 Ke6 32. Ng2 Kf7 33. Bf4 Ke6 34. Re2+
Kf7 35. Bxd6 Rxd6 36. Rc2 Rd7 37. f3 Ba6 38. Kf2 g5 39. h4 gxh4 40. Nxh4 Bd3 41.
Rc3 Bb1 42. a3 Ke7 43. Rc6 Kf7 44. Kg3 Ba2 45. b4 Bb3 46. Nf5 Ba4 47. Rc8 Kg6
48. Kf4 Rh7 49. Rg8+ Kf7 50. Rd8 Rh1 51. Ra8 a5 52. bxa5 bxa5 53. Ra7+ Kf8 54.
Rxa5 Bb3 55. Ra8+ Kf7 56. Ra7+ Kg8 57. a4 Ra1 58. a5 Ra4 59. g5 fxg5+ 60. Kxg5
Bc2 61. Kg6 Bxf5+ 62. Kxf5 Rxd4 63. Kg6 Kf8 64. a6 1-0

[Event "29th Czech Open B 2018"]
[Site "Pardubice CZE"]
[Date "2018.07.28"]
[Round "9.3"]
[White "Rozmanov, Aleksandr"]
[Black "Kuzmin, G."]
[Result "0-1"]
[WhiteElo "2075"]
[BlackElo "2298"]
[WhiteFideId "34136026"]
[BlackFideId "4132041"]
[EventDate "2018.07.20"]

1. e4 c5 2. Nf3 Nc6 3. d4 cxd4 4. Nxd4 e5 5. Nb5 d6 6. N1c3 a6 7. Na3 Be7 8. Be2
Nf6 9. Bg5 O-O 10. Bxf6 Bxf6 11. Nd5 Bg5 12. Nc4 Be6 13. c3 b5 14. Nce3 g6 15.
a4 Rb8 16. axb5 axb5 17. g4 Kh8 18. h4 Bxe3 19. Nxe3 Ne7 20. Bd3 d5 21. Qf3 d4
22. cxd4 exd4 23. Qf6+ Kg8 24. Nf5 Bxf5 25. gxf5 Rb6 26. Qg5 Nc6 27. Qh6 Ne5 28.
Ke2 Re8 29. f4 Nxd3 30. Kxd3 Qe7 31. e5 Qb7 32. Rh3 gxf5 33. Qg5+ Rg6 34. Qxf5
Qc6 35. Ra3 Qc4+ 36. Kd2 Rg2+ 0-1

[Event "29th Czech Open B 2018"]
[Site "Pardubice CZE"]
[Date "2018.07.28"]
[Round "9.4"]
[White "Malivanek, Jiri"]
[Black "Taranenko, Evgueniy"]
[Result "0-1"]
[WhiteElo "2047"]
[BlackElo "2204"]
[WhiteFideId "304816"]
[BlackFideId "14122138"]
[EventDate "2018.07.20"]

1. e4 g6 2. c4 Bg7 3. Nc3 d6 4. Nge2 Nc6 5. d3 Nh6 6. g3 Bg4 7. Bg2 O-O 8. O-O
Qd7 9. f3 Bh3 10. g4 Bxg2 11. Kxg2 Kh8 12. Be3 e5 13. Qd2 Ng8 14. Ng3 Nge7 15.
h3 f5 16. Bg5 Bf6 17. Bxf6+ Rxf6 18. Nd5 Nxd5 19. cxd5 Nd4 20. Ne2 Nxe2 21. Qxe2
Raf8 22. Qe3 c5 23. b4 b6 24. bxc5 bxc5 25. Rab1 Kg8 26. gxf5 gxf5 27. f4 fxe4
28. fxe5 Rxf1 29. Rxf1 Qg7+ 0-1

[Event "29th Czech Open B 2018"]
[Site "Pardubice CZE"]
[Date "2018.07.28"]
[Round "9.5"]
[White "Doberitz, Paul"]
[Black "Ashrafzianov, Igor"]
[Result "1-0"]
[WhiteElo "2178"]
[BlackElo "2004"]
[WhiteFideId "24646130"]
[BlackFideId "24122572"]
[EventDate "2018.07.20"]

1. e4 Nf6 2. e5 Nd5 3. d4 d6 4. c4 Nb6 5. exd6 cxd6 6. d5 g6 7. Qd4 f6 8. h4 e5
9. Qc3 Bg7 10. h5 Na6 11. h6 Bf8 12. b4 Bd7 13. Nd2 Rc8 14. Qb3 Be7 15. a4 f5
16. Bb2 O-O 17. a5 Na8 18. Ngf3 N8c7 19. c5 Bf6 20. cxd6 Nb5 21. Nxe5 Nxd6 22.
f4 Kh8 23. Be2 Bb5 24. Bxb5 Nxb5 25. Ndf3 Qd6 26. Ng5 Qxb4+ 27. Qxb4 Nxb4 28.
Rd1 Nc3 29. Bxc3 Rxc3 30. O-O Bxg5 31. fxg5 Kg8 32. d6 Rd8 33. Rb1 Nc6 34. Rfe1
Nxe5 35. Rxe5 Rd7 36. Re7 Rxe7 37. dxe7 Kf7 38. Rxb7 a6 39. e8=Q+ Kxe8 40. Rxh7
Rc5 41. Ra7 1-0

[Event "29th Czech Open B 2018"]
[Site "Pardubice CZE"]
[Date "2018.07.28"]
[Round "9.6"]
[White "Itgelt, Khuyagtsogt"]
[Black "Pekar, Vaclav"]
[Result "1-0"]
[WhiteElo "2018"]
[BlackElo "2162"]
[WhiteFideId "4902912"]
[BlackFideId "323799"]
[EventDate "2018.07.20"]

1. d4 f5 2. Bg5 h6 3. Bh4 g5 4. e4 Bg7 5. Bg3 fxe4 6. h4 d5 7. hxg5 Nc6 8. Bb5
Bf5 9. Be5 Bxe5 10. dxe5 e6 11. Bxc6+ bxc6 12. Qh5+ Kd7 13. g4 Qf8 14. gxf5 Qxf5
15. g6 Qxh5 16. Rxh5 Ne7 17. g7 Rh7 18. Ne2 Rg8 19. Nbc3 Rgxg7 20. O-O-O 1-0

[Event "29th Czech Open B 2018"]
[Site "Pardubice CZE"]
[Date "2018.07.28"]
[Round "9.7"]
[White "Krumina, Linda"]
[Black "Haase, Pavel"]
[Result "1-0"]
[WhiteTitle "WFM"]
[BlackTitle "CM"]
[WhiteElo "2086"]
[BlackElo "1994"]
[WhiteFideId "11601701"]
[BlackFideId "360392"]
[EventDate "2018.07.20"]

1. d4 e6 2. c4 d5 3. Nc3 Nf6 4. Bg5 c6 5. e3 Be7 6. Rc1 O-O 7. Nf3 Nbd7 8. Bd3
h6 9. Bh4 Ne4 10. Bxe7 Nxc3 11. Rxc3 Qxe7 12. Bb1 g6 13. h4 h5 14. Ng5 f5 15.
O-O Nf6 16. f3 Nh7 17. Nxh7 Kxh7 18. Qe1 Bd7 19. Qg3 Rae8 20. Rd1 Qg7 21. e4
dxe4 22. fxe4 c5 23. e5 cxd4 24. Rxd4 Rf7 25. Rcd3 a6 26. Rd2 Rc8 27. b4 Rc7 28.
Qf4 Qf8 29. Rd6 Qc8 30. R2d4 b5 31. Bd3 Qb7 32. Kh2 Rg7 33. Qg5 Qc8 34. c5 Qa8
35. Be2 Qa7 36. Bf3 Rf7 37. c6 Bxc6 38. Bxh5 gxh5 39. Rxe6 Qxd4 40. Rh6# 1-0

[Event "29th Czech Open B 2018"]
[Site "Pardubice CZE"]
[Date "2018.07.28"]
[Round "9.8"]
[White "Poliakova, Emma"]
[Black "Adloff, Ralf"]
[Result "1/2-1/2"]
[WhiteElo "1979"]
[BlackElo "2091"]
[WhiteFideId "73601144"]
[BlackFideId "24608696"]
[EventDate "2018.07.20"]

1. e4 d6 2. d4 Nf6 3. Nc3 e5 4. dxe5 dxe5 5. Qxd8+ Kxd8 6. Bc4 Ke8 7. f3 c6 8.
a3 Nbd7 9. Be3 Bc5 10. Bxc5 Nxc5 11. Nge2 Be6 12. Bxe6 Nxe6 13. O-O-O Ke7 14.
Rd2 Rhd8 15. Rhd1 Rxd2 16. Rxd2 b5 17. Nd1 Nd7 18. c3 a5 19. Kc2 1/2-1/2

[Event "29th Czech Open B 2018"]
[Site "Pardubice CZE"]
[Date "2018.07.28"]
[Round "9.9"]
[White "Smirnov, Boris"]
[Black "Yakimenko, Alexander A."]
[Result "1-0"]
[WhiteElo "2200"]
[BlackElo "2035"]
[WhiteFideId "4149971"]
[BlackFideId "24141917"]
[EventDate "2018.07.20"]

1. c4 e5 2. Nc3 Nc6 3. g3 g6 4. Bg2 Bg7 5. Nf3 d6 6. d3 Bg4 7. Qa4 Ne7 8. c5
Bxf3 9. Bxf3 d5 10. O-O Qd7 11. Bg2 O-O 12. e4 dxe4 13. dxe4 Qd4 14. Qb5 Qb4 15.
Bg5 f6 16. Be3 a6 17. Qxb4 Nxb4 18. Rad1 Rad8 19. f4 Nc2 20. Bc1 Rd4 21. Ne2 Rc4
22. Rd7 Nc6 23. Rxc7 Rd8 24. fxe5 Nxe5 25. b3 Rb4 26. Nf4 Nd4 27. Bb2 Rb5 28.
Bxd4 Rxd4 29. Rxg7+ 1-0

[Event "29th Czech Open B 2018"]
[Site "Pardubice CZE"]
[Date "2018.07.28"]
[Round "9.10"]
[White "Gorbatenko, Alexander"]
[Black "Moroder, Stefan"]
[Result "1/2-1/2"]
[WhiteElo "2049"]
[BlackElo "2183"]
[WhiteFideId "4145976"]
[BlackFideId "826537"]
[EventDate "2018.07.20"]

1. e4 c5 2. Nf3 Nc6 3. d4 cxd4 4. Nxd4 Nf6 5. Nc3 d6 6. Nxc6 bxc6 7. Bc4 e5 8.
O-O Be7 9. Bg5 O-O 10. Qd2 Be6 11. Bb3 h6 12. Bxf6 Bxf6 13. Rfd1 Be7 14. Qd3 Qb6
15. Na4 Qb4 16. c3 Qb7 17. c4 Rad8 18. Rac1 f5 19. c5 d5 20. exd5 Bxd5 21. Bxd5+
Rxd5 22. Qc4 Kh7 23. Rxd5 cxd5 24. c6 dxc4 25. cxb7 Rb8 26. Rxc4 Rxb7 27. Kf1 e4
28. b3 Rd7 29. Ke2 Bg5 30. Rc2 Bf4 31. h3 Rd5 32. Nb2 h5 33. Nc4 g6 34. Ne3 Rd7
35. Rc5 Kg7 36. b4 Kf7 37. a4 Bd6 38. Rc4 Ke6 39. b5 Rc7 40. Rd4 Be5 41. Rb4 f4
42. Rxe4 fxe3 43. f4 Kf5 44. Rxe5+ Kxf4 45. Rxe3 Rc2+ 46. Kd3 Ra2 47. g3+ Kf5
48. Rf3+ Ke5 49. Kc4 1/2-1/2

[Event "29th Czech Open B 2018"]
[Site "Pardubice CZE"]
[Date "2018.07.28"]
[Round "9.11"]
[White "Fedotov, Konstantin"]
[Black "Gramb, Marius"]
[Result "1-0"]
[WhiteElo "2017"]
[BlackElo "2123"]
[WhiteFideId "4145895"]
[BlackFideId "24656593"]
[EventDate "2018.07.20"]

1. e4 c5 2. Nf3 d6 3. d4 cxd4 4. Nxd4 Nf6 5. Nc3 a6 6. Bg5 Nbd7 7. Qd2 h6 8. Bh4
b5 9. O-O-O Bb7 10. f3 g6 11. Bxf6 Nxf6 12. Ndxb5 axb5 13. Bxb5+ Nd7 14. e5 Bg7
15. exd6 e6 16. a4 O-O 17. Ne4 Bd5 18. Qb4 Rb8 19. Kb1 Bc6 20. c4 Qb6 21. Rhe1
Rb7 22. Re2 Ra8 23. Rc2 Qa7 24. Nc3 Bxb5 25. Nxb5 Qxa4 26. Qxa4 Rxa4 27. Rd3 Nc5
28. Ra3 Rxa3 29. Nxa3 Kf8 30. Nb5 Ke8 31. Ka2 Rb6 32. b4 Ra6+ 33. Na3 Nd3 34.
Kb3 Rxd6 35. Nb5 Rc6 36. c5 Be5 37. Rd2 Nf4 38. g3 Nd5 39. f4 Bf6 40. Ra2 Nc7
41. Nd6+ Kf8 42. Kc4 Nd5 43. Ra8+ Ke7 44. Re8+ Kd7 45. Rf8 Rxd6 46. cxd6 Kxd6
47. Rxf7 Be7 48. Rh7 g5 49. b5 gxf4 50. gxf4 Bd8 51. Rxh6 Nxf4 52. h4 Nd5 53. h5
Ne3+ 54. Kd3 Ng4 55. Rh8 Bf6 56. Rc8 Kd7 57. Rc2 Bd8 58. Rg2 Nh6 59. Rg6 Nf7 60.
Kc3 Ba5+ 61. Kb3 Nd6 62. Rg7+ Ke8 63. h6 Kf8 64. Rg3 Nxb5 65. h7 Bc3 66. Rxc3
Kg7 67. Rh3 Kh8 68. Kc4 Nd6+ 69. Kd4 Nf7 70. Rh5 Kg7 71. Kc5 Kh8 72. Kc6 Kg7 73.
Kd7 e5 74. Ke7 e4 75. Rh4 Nh8 76. Rg4+ Kxh7 77. Kf6 e3 78. Rh4+ Kg8 79. Re4 Kh7
80. Rxe3 Kg8 81. Re7 Kf8 82. Ra7 Kg8 83. Rb7 1-0

[Event "29th Czech Open B 2018"]
[Site "Pardubice CZE"]
[Date "2018.07.28"]
[Round "9.12"]
[White "Koehn, Lennart"]
[Black "Folkova, Martina"]
[Result "1/2-1/2"]
[BlackTitle "WFM"]
[WhiteElo "2087"]
[BlackElo "1999"]
[WhiteFideId "12938041"]
[BlackFideId "304271"]
[EventDate "2018.07.20"]

1. e4 e5 2. Nc3 Nf6 3. g3 Bc5 4. Bg2 c6 5. Nge2 d5 6. exd5 cxd5 7. d4 exd4 8.
Nxd4 Bg4 9. Nf3 O-O 10. O-O h6 11. h3 Bf5 12. Nd4 Bxd4 13. Qxd4 Nc6 14. Qa4 d4
15. Rd1 Qc8 16. Nb5 Bxh3 17. Nxd4 Bxg2 18. Kxg2 Ne5 19. c3 a6 20. Re1 Nd3 21.
Re3 Nc5 22. Qc2 Ng4 23. Re2 b5 24. f3 Nf6 25. Nf5 Qd7 26. Bg5 Rfe8 27. Rxe8+
Nxe8 28. Rd1 Qe6 29. Be3 Rc8 30. Bf2 Rc7 31. Re1 Qd7 32. Re7 Qd8 33. Qe2 Ne6 34.
Bb6 Kf8 35. Bxc7 N8xc7 36. Qf2 h5 37. Qb6 g6 38. Rxc7 Qxc7 39. Qxc7 Nxc7 1/2-1/2

[Event "29th Czech Open B 2018"]
[Site "Pardubice CZE"]
[Date "2018.07.28"]
[Round "9.13"]
[White "Usacheva, Glafira"]
[Black "Lucovnik, Tilen"]
[Result "1/2-1/2"]
[WhiteElo "1904"]
[BlackElo "2077"]
[WhiteFideId "34119741"]
[BlackFideId "14608960"]
[EventDate "2018.07.20"]

1. e4 d6 2. d4 Nf6 3. Nc3 e5 4. Nf3 Nbd7 5. Bc4 Be7 6. O-O O-O 7. h3 c6 8. dxe5
Nxe5 9. Nxe5 dxe5 10. Bb3 b6 11. Be3 Ba6 12. Re1 Bb4 13. Bg5 Qxd1 14. Raxd1 Rfd8
15. Bxf6 gxf6 16. a3 Bf8 17. Ba4 Bb7 18. Ne2 Bh6 19. Ng3 Bd2 20. Re2 Bf4 21.
Ree1 Bxg3 22. fxg3 c5 23. Bb3 Rac8 24. Bd5 Ba6 25. c4 Kf8 26. Rf1 Ke7 27. Rc1
Rg8 28. Rf3 Rg6 29. Rc2 Rc7 30. Rcf2 Bc8 1/2-1/2

[Event "29th Czech Open B 2018"]
[Site "Pardubice CZE"]
[Date "2018.07.28"]
[Round "9.15"]
[White "Laubrock, Paul"]
[Black "Novak, Ales"]
[Result "0-1"]
[WhiteElo "1908"]
[BlackElo "2071"]
[WhiteFideId "1270509"]
[BlackFideId "315397"]
[EventDate "2018.07.20"]

1. d4 Nf6 2. Nc3 d5 3. Bf4 c5 4. e3 cxd4 5. exd4 a6 6. f3 Nc6 7. Qd2 e6 8. O-O-O
Bd7 9. Kb1 Rc8 10. Nce2 b5 11. g4 Qb6 12. h4 Na5 13. Nc1 Nc4 14. Bxc4 bxc4 15.
c3 Bd6 16. Be5 Rb8 17. Rh2 h6 18. Qf4 Bxe5 19. dxe5 Ng8 20. Rhd2 Ne7 21. Nge2
Ng6 22. Qg3 Qe3 23. Nd4 Qxe5 24. Qf2 Qf6 25. h5 Nf4 26. Re1 O-O 27. Nde2 Rb7 28.
Nxf4 Qxf4 29. Rd4 Qd6 30. Qd2 Rfb8 31. Re2 Qa3 32. f4 Rxb2+ 33. Qxb2 Rxb2+ 34.
Rxb2 Qxc3 35. Rdd2 Bb5 36. Ne2 Qe3 0-1

[Event "29th Czech Open B 2018"]
[Site "Pardubice CZE"]
[Date "2018.07.28"]
[Round "9.16"]
[White "Sidorika, Vladislav"]
[Black "Ali Rashid, Ali"]
[Result "1-0"]
[WhiteElo "2066"]
[BlackElo "1784"]
[WhiteFideId "14145928"]
[BlackFideId "9304762"]
[EventDate "2018.07.20"]

1. d4 d5 2. Bg5 c6 3. e3 Qb6 4. Qc1 Bf5 5. Nf3 Nd7 6. c4 dxc4 7. Bxc4 Ngf6 8.
Nc3 e6 9. O-O Bd6 10. Re1 Ne4 11. Nxe4 Bxe4 12. Nd2 Bg6 13. Be2 Qc7 14. h3 Nb6
15. Bf3 O-O 16. e4 e5 17. Nb3 f5 18. exf5 Bxf5 19. Qc3 Rae8 20. Nc5 exd4 21.
Qxd4 Be5 22. Qb4 Bxh3 23. Qb3+ Kh8 24. gxh3 Bd4 25. Rxe8 Qg3+ 26. Bg2 Qxf2+ 27.
Kh1 Rxe8 28. Ne4 Qe2 29. Qf7 Rg8 30. Rf1 Nd5 31. Ng3 Qxb2 32. Nf5 Be5 33. Ne3
Nxe3 34. Bxe3 b6 35. Qxa7 c5 36. Qf7 Qc3 37. Qxg8+ 1-0

[Event "29th Czech Open B 2018"]
[Site "Pardubice CZE"]
[Date "2018.07.28"]
[Round "9.17"]
[White "Novotny, Martin"]
[Black "Alieva, Alexandra"]
[Result "0-1"]
[BlackTitle "WFM"]
[WhiteElo "1892"]
[BlackElo "2137"]
[WhiteFideId "383600"]
[BlackFideId "24133353"]
[EventDate "2018.07.20"]

1. d4 Nf6 2. c4 c5 3. d5 b5 4. Qc2 g6 5. e4 Bg7 6. Nf3 O-O 7. cxb5 a6 8. a4 Bb7
9. Nc3 e6 10. dxe6 fxe6 11. Be3 Qe7 12. e5 Ng4 13. Ne4 Nxe5 14. Nxe5 Bxe5 15.
Qxc5 d6 16. Qc2 Qh4 17. Ng3 axb5 18. a5 Na6 19. Qd2 Qb4 20. Qxb4 Nxb4 21. Rc1
Bxb2 22. Rb1 Nc2+ 23. Kd2 Nxe3 24. Kxe3 Bc3 25. Rxb5 Bd5 26. a6 Bg7 27. f3 Bh6+
28. Kf2 Rxa6 29. Be2 Ra2 30. Rb6 Rc8 31. Rxd6 Bf4 32. Rd7 Rcc2 33. Rb1 Bc4 34.
Rbb7 Bxe2 35. Nxe2 Rxe2+ 36. Kf1 Rec2 37. Ke1 Rc1+ 38. Rd1 Rxd1+ 39. Kxd1 Bxh2 0-1

[Event "29th Czech Open B 2018"]
[Site "Pardubice CZE"]
[Date "2018.07.28"]
[Round "9.19"]
[White "Balenovic, Zvonimir"]
[Black "Ilandzis, Spyridon"]
[Result "1/2-1/2"]
[WhiteTitle "FM"]
[WhiteElo "2114"]
[BlackElo "1980"]
[WhiteFideId "14501252"]
[BlackFideId "4200276"]
[EventDate "2018.07.20"]

1. e4 d5 2. exd5 Qxd5 3. Nc3 Qa5 4. d4 Nf6 5. Nf3 Bg4 6. Bd2 Qf5 7. Be2 Nc6 8.
Be3 O-O-O 9. h3 Bxf3 10. Bxf3 Nxd4 11. Bxd4 e5 12. O-O Rxd4 13. Qe2 Bc5 14. Rae1
Re8 15. Qb5 Bb6 16. Bg4 Rxg4 17. hxg4 Qxc2 18. g5 Nd7 19. Nd5 c6 20. Nxb6+ axb6
21. Qe2 Qxe2 22. Rxe2 b5 23. f4 Kc7 24. fxe5 Rxe5 25. Rxe5 Nxe5 26. Rd1 Nc4 27.
b3 Nd6 28. Rd4 Nf5 29. Rf4 g6 30. Rf3 Nd6 31. Rh3 Ne4 32. Rxh7 Nxg5 33. Rh8 c5
34. Kf2 b4 35. Ke3 b5 36. Re8 Kd6 37. Rb8 Kc6 38. Kf4 f6 39. Rg8 Kd5 40. Rxg6
Ne4 41. Rg8 c4 42. Rd8+ Nd6 43. Ke3 f5 44. Rf8 Kc5 45. Rb8 c3 46. Kd3 Nf7 47.
Rf8 Nd6 48. Rh8 Kd5 49. Rh7 Ne4 50. Rh6 Nc5+ 51. Kc2 Ne6 52. Rh8 f4 53. Kd3 Nc5+
54. Kc2 Ne6 55. Kd3 1/2-1/2

[Event "29th Czech Open B 2018"]
[Site "Pardubice CZE"]
[Date "2018.07.28"]
[Round "9.20"]
[White "Barak, Gil"]
[Black "Galicek, Stanislav"]
[Result "1-0"]
[WhiteElo "1993"]
[BlackElo "2089"]
[WhiteFideId "2812690"]
[BlackFideId "316342"]
[EventDate "2018.07.20"]

1. e4 c5 2. Nf3 d6 3. d4 cxd4 4. Nxd4 Nf6 5. Nc3 a6 6. f3 e6 7. Be3 b5 8. Qd2
Nbd7 9. O-O-O Bb7 10. g4 h6 11. h4 b4 12. Nce2 d5 13. exd5 Nxd5 14. Bf2 Rc8 15.
Kb1 Bc5 16. Ng3 Bd6 17. Bd3 Nc5 18. Ne4 Nxe4 19. Bxe4 Bf4 20. Qe2 O-O 21. g5 Re8
22. g6 f5 23. Bd3 Qd6 24. Rhe1 Nc3+ 25. bxc3 bxc3 26. Ka1 Bd2 27. Rg1 Bd5 28.
Nb3 Rb8 29. Bc4 Qa3 30. Rb1 Bxc4 31. Qxc4 Rb4 32. Qc6 Qa4 33. Qxa4 Rxa4 34. Nxd2
cxd2 35. Rgd1 Rf4 36. Rb3 e5 37. Bg3 Rd4 38. Rd3 Rxd3 39. cxd3 f4 40. Bf2 1-0

[Event "29th Czech Open B 2018"]
[Site "Pardubice CZE"]
[Date "2018.07.28"]
[Round "9.21"]
[White "Kusa, Jakub"]
[Black "Otruba, Marek"]
[Result "1-0"]
[WhiteElo "2061"]
[BlackElo "1975"]
[WhiteFideId "395595"]
[BlackFideId "382418"]
[EventDate "2018.07.20"]

1. e4 c5 2. Nf3 e6 3. d4 cxd4 4. Nxd4 Nc6 5. Nc3 Qc7 6. Be3 a6 7. Be2 b5 8. Qd2
Bb7 9. f3 Nf6 10. Rd1 b4 11. Na4 d5 12. O-O Be7 13. exd5 Nxd5 14. Bf2 Bd6 15. g3
Nce7 16. c4 bxc3 17. Nxc3 Bb4 18. Rc1 Nxc3 19. bxc3 Ba3 20. Rb1 h5 21. Rfd1 O-O
22. c4 e5 23. Nc2 Bc5 24. Bxc5 Qxc5+ 25. Qe3 Qxe3+ 26. Nxe3 Bc6 27. Nd5 Nxd5 28.
cxd5 Bb5 29. Bxb5 axb5 30. Rxb5 Rxa2 31. d6 f6 32. f4 h4 33. fxe5 fxe5 34. d7
Rd8 35. Rxe5 Raa8 36. g4 Kh7 37. Kg2 Ra7 38. Red5 Ra3 39. R5d3 Ra7 40. Kf3 Kg6
41. Rd6+ Kf7 42. Kf4 Ra3 43. R1d3 Ra2 44. h3 Ra5 45. R6d5 Ra6 46. Kg5 Re6 47.
Rd6 1-0

[Event "29th Czech Open B 2018"]
[Site "Pardubice CZE"]
[Date "2018.07.28"]
[Round "9.22"]
[White "Bonaposta, Fabrizio"]
[Black "Suchomelova, Simona"]
[Result "1/2-1/2"]
[WhiteElo "2055"]
[BlackElo "1968"]
[WhiteFideId "839973"]
[BlackFideId "348864"]
[EventDate "2018.07.20"]

1. e4 e6 2. d4 d5 3. Nd2 c5 4. exd5 exd5 5. Ngf3 Bd6 6. Bb5+ Nc6 7. O-O Ne7 8.
dxc5 Bxc5 9. Nb3 Bd6 10. Re1 O-O 11. c3 Bf5 12. Be3 Qc7 13. Bd3 Be4 14. h3 Nf5
15. Bc5 Rad8 16. Qc2 Nce7 17. Bxd6 Nxd6 18. Ng5 Bxd3 19. Qxd3 g6 20. Nd4 Nef5
21. Ngf3 Qc4 22. Qd2 Ne4 23. Qf4 Nxd4 24. Nxd4 Rfe8 25. a3 Nc5 26. Qh6 Nd3 27.
Nf5 1/2-1/2

[Event "29th Czech Open B 2018"]
[Site "Pardubice CZE"]
[Date "2018.07.28"]
[Round "9.23"]
[White "Vakulenko, Oleksandr"]
[Black "Pozun, Matej"]
[Result "0-1"]
[WhiteElo "1941"]
[BlackElo "2047"]
[WhiteFideId "14156130"]
[BlackFideId "14618788"]
[EventDate "2018.07.20"]

1. e4 c5 2. Nf3 Nc6 3. Nc3 e6 4. d4 cxd4 5. Nxd4 Nf6 6. Nxc6 bxc6 7. Bd3 Be7 8.
e5 Nd5 9. Nxd5 cxd5 10. Qg4 g6 11. O-O a5 12. Bh6 Bf8 13. Qf4 Ba6 14. Bg5 Be7
15. Bh6 Rg8 16. Qd2 Bxd3 17. Qxd3 Qc7 18. Rfe1 Rc8 19. c3 Qc4 20. Qc2 f6 21. Bd2
fxe5 22. Rxe5 Rf8 23. Re3 Bc5 24. Rf3 Rxf3 25. gxf3 Qe2 26. Rf1 Qxf3 27. Qa4 Bd6
28. Qd4 Rc4 29. Qh8+ Bf8 30. h3 Qxh3 31. f4 Qg3+ 32. Kh1 Re4 0-1